|
|
|
|
| LEADER |
01487nam a2200325 a 4500 |
| 001 |
4908109 |
| 008 |
090413s1995 cauab b 001 0 eng d |
| 010 |
|
|
|a 94040472
|
| 020 |
|
|
|a 0803990278
|
| 040 |
|
|
|a DLC
|c DLC
|d DLC
|
| 082 |
0 |
0 |
|a 305.8/00973
|2 20
|
| 100 |
1 |
|
|a Healey, Joseph F.,
|d 1945-
|
| 245 |
1 |
0 |
|a Race, ethnicity, gender, and class :
|b the sociology of group conflict and change /
|c Joseph F. Healey.
|
| 260 |
|
|
|a Thousand Oaks, Calif. :
|b Pine Forge Press,
|c c1995.
|
| 300 |
|
|
|a xxvi, 558 p. :
|b ill., maps ;
|c 25 cm.
|
| 490 |
1 |
|
|a The Pine Forge Press social science library
|
| 504 |
|
|
|a Includes bibliographical references (p. [515]-533) and index.
|
| 541 |
1 |
|
|e 00007600
|
| 650 |
|
0 |
|a Minorities
|z United States.
|
| 650 |
|
0 |
|a Ethnicity
|z United States.
|
| 650 |
|
0 |
|a Racism
|z United States.
|
| 650 |
|
0 |
|a Group identity
|z United States.
|
| 650 |
|
0 |
|a Social conflict
|z United States.
|
| 651 |
|
0 |
|a United States
|x Race relations.
|
| 651 |
|
0 |
|a United States
|x Ethnic relations.
|
| 651 |
|
0 |
|a United States
|x Social conditions.
|
| 852 |
4 |
|
|a Ayesha Abed Library
|j General Shelf.
|
| 999 |
|
|
|c 6209
|d 6209
|
| 952 |
|
|
|0 0
|1 0
|2 ddc
|4 0
|6 305_800973000000000_HEA_1995
|7 0
|9 6233
|a BRACUL
|b BRACUL
|c GEN
|d 2009-12-20
|g 0.00
|l 5
|m 10
|o 305.800973 HEA
|p 3010007600
|r 2025-01-19
|s 2025-01-12
|t 1
|w 2009-12-20
|y BK
|x No price found in the accession register.
|
| 952 |
|
|
|0 0
|1 0
|2 ddc
|4 0
|6 305_800973000000000_HEA
|7 0
|9 24264
|a SCL
|b SCL
|c GEN
|d 2005-06-11
|l 0
|o 305.800973 HEA
|p 3020005590
|r 2023-03-13
|t 2
|w 2014-04-28
|y BK
|